00600 2200217 4500001002100000005001500021035002000036007000300056008004100059020002200100082001000122084001600132100003300148245009300181250001100274260003800285300002200323650001700345990000900362990001100371INLIS00000000000103220171128114651 a0010-1117000114ta171128 f 0 ind  a978-979-96628-7-3 a297.2 a297.2 JAW m0 aJawas, Yazid bin Abdul Qadir1 aMenuntut Ilmu Jalan Menuju Surga :bPanduan Menuntut Ilmu /cYazid bin Abdul Qadir Jawas aCet. 9 aBogor :bPuustaka At Taqwa,c2016 a382hlm ;c16x24cm aAqidah Islam a5444 a5444 a